Compounding materials for the polymer industries : a concise guide to polymers, rubbers, adhesives, and coatings /

Bibliographic Details
Main Author: Dick, John S.
Format: Book
Language:English
Published: Park Ridge, N.J., U.S.A. : Noyes Publications, [1987]
Subjects:

MARC

Tag First Indicator Second Indicator Subfields
LEADER 00000cam a2200000 a 4500
001 in00000014294
005 20151007052200.0
008 870421s1987 njua b 00110 eng
010 |a  87012220  
020 |a 0815511353 :  |c $48.00 
035 |a (OCoLC)15661399 
035 |9 AAA6658AM 
040 |a DLC  |c DLC  |d TXA  |d UtOrBLW 
049 |a TXAF  |c [A11484484] 
050 0 0 |a TP1142  |b .D53 1987 
082 0 |a 668.9  |2 19 
100 1 |a Dick, John S. 
245 1 0 |a Compounding materials for the polymer industries :  |b a concise guide to polymers, rubbers, adhesives, and coatings /  |c by John S. Dick. 
264 1 |a Park Ridge, N.J., U.S.A. :  |b Noyes Publications,  |c [1987] 
264 4 |c ©1987 
300 |a xvii, 288 pages :  |b illustrations ;  |c 25 cm. 
336 |a text  |b txt  |2 rdacontent 
337 |a unmediated  |b n  |2 rdamedia 
338 |a volume  |b nc  |2 rdacarrier 
504 |a Includes bibliographies and index. 
650 0 |a Polymers  |x Additives. 
999 |a MARS 
999 f f |s b740a967-c580-3f2d-9bac-2b5b97abb5d5  |i 967fce44-1a6a-3f35-97d6-b75c680cedb9  |t 0 
952 f f |p ric  |a Texas A&M University  |b Rellis Campus  |c Joint Library Facility  |d Remote Storage  |t 0  |e TP1142 .D53 1987  |h Library of Congress classification  |i unmediated -- volume  |m A14811484484 
998 f f |a TP1142 .D53 1987  |t 0  |l Remote Storage